000 00589nam a2200193Ia 4500
008 190805s9999||||xx |||||||||||||| ||und||
020 _a9789352865604
_cRs. 799.00
082 0 4 _a658
_bSt727
100 1 _aStoner, James A. F.
245 1 0 _aManagement /
_cJames A. F. Stoner, R. Edward Freeman and Daniel R. Gilbert
250 _a6th ed.
260 _aNoida :
_bPearson India Education Services,
_c2018
300 _axxx, 543 p.
_b : ill.
_c; 25 cm.
650 0 _aManagement
700 1 _aFreeman, R. Edward
700 1 _aGilbert, Daniel R.
942 _cBK
999 _c349
_d349